00529nam a2200169Ia 450000500170000000800410001702000150005808200170007310000160009024500460010626000400015230000130019250000340020594200060023995200990024599900150034420250528020943.0240331s9999 xx 000 0 und d a9552008565 a302.234bDES aDe Silva, S 0aHanda naluwa hewath guwanvidhuli natayaya aColombobS. Godage & Brothersc1993 a123 p ., aThe way to write a radio play cL 001040708LaWERCLbWERCLcSSCd2024-03-31l0o 302.234 DESp2098r2024-03-31w2024-03-31yL c1167d1167